Регионална библиотека "Любен Каравелов" - Русе

Елда (Запис номер 145782)

MARC детайли
000 -Лидер
Контролно поле с фиксирана дължина 01239nam a2200361 c 4500
003 - Код на организацията, давaща контролен номер
Контролно поле BLK
005 - Дата и час на последна редакция
Контролно поле 20180420233512.0
008 - Елементи от данни с фиксирана дължина
fixed length control field 180410b bul|||||r ||||||| ||bul||
010 ## - Наследен системен номер
LC control number KNG00151967000
020 ## - Международен стандартен номер на книга ISBN
Международен стандартен номер на книга ISBN 978-954-672-152-5
-- издат.: Колхида
040 ## - Източник на каталожния запис
Идентификатор на билиотеката - собственик на записа BLK
041 ## - Код за език
Код за езика на текст/звукозапис или на отделно заглавие Български
Код за езика КДБФ Български
072 #7 - Код за тематичната категория
Код организация bullib
Код за тематична категория Н62
Текст Приложни науки. Техника Н
080 ## - УДК
Текстов определител УДК Диетично хранене за здрави хора
УДК код - определител по УДК 641.561
УДК определител (083.1)
УДК - код + определител 641.561(083.1)
139 ## - Редно поле
Редна дума Елда
Авторски знак Елд - Е 48
245 10 - Сведения за заглавието
Заглавие Елда
Подзаглавни данни Суперхраната на бъдещето
Редно поле (дума) състав. Борислава Илиева.
257 ## - Страна на издаване
Страна на създаване/издаване България
260 ## - Област на издателските данни
-- София
Име на издателя, разпространителя и проч. Колхида
Година на издаване 2011
Печатница София : Симолини
300 ## - Физическа характеристика
Страници 68 с.
Размери/Мащаб 20 см
380 ## - Жанр
Жанр Техника
490 1# - СЕРИИ (Колекции)
Име на серия Био кухня
650 #4 - Допълнително описание по предмет – тема
Основно описание – тема или топоним Готварство - рецепти
9 (RLIN) 241856
653 ## - Ключова дума – ненормативна
Ключова дума готварски рецепти
653 ## - Ключова дума – ненормативна
Ключова дума биохрани
653 ## - Ключова дума – ненормативна
Ключова дума елда
659 ## - Тематичен бюлетин
Тематичен бюлетин Н
700 1# - Други автори (авторска отговорност)
Лично име Илиева, Борислава
Автороска отговорност (Описва отношението между автора и произведението) състав.
9 (RLIN) 328877
852 ## - Местоположение
Форматна сигнатура Цб 265497
856 4# - Електронен адрес и достъп
Електронен формат pdf - файл
Път до файла /url/
856 4# - Електронен адрес и достъп
Електронен формат pdf - файл
Път до файла /url/
942 ## - АРТИКУЛИ
Вид на библиотечния материал Книги
Скрит в OPAC Не
944 ## - СЪЗДАВАНЕ И РЕДАКЦИЯ на ЗАПИСА
Създаване/Редакция Създаване
Дата на регистрацията/редакция 17.10.2013
Служител, извършил регистрацията/редакцията Наталия_Медовщикова
944 ## - СЪЗДАВАНЕ И РЕДАКЦИЯ на ЗАПИСА
Създаване/Редакция Редакция
Дата на регистрацията/редакция 09.05.2014
Служител, извършил регистрацията/редакцията
999 ## - СИСТЕМНИ КОНТРОЛНИ НОМЕРА
Koha biblionumber 145782
Koha biblioitemnumber 145782
Наличности
Код за отписване Код за изгубен артикул Код за повреда Коз за рестрикции Код за отдаване Артикулен № Име на библиотеката - собственик Име на библиотеката, в която се намира в момента Статус (Текущо местоположение) Дата на вписване в системата Местоположение - отдел Цена в лева Инвентарен номер Систематично азбучна сигнатура Баркод Номер на екземпляра Цена в евро Служебна бележка Служебен тип на артикула
  Не е изгубен Не е повреден без рестрикции ползва се в читалня 242088 Регионална библиотека "Любен Каравелов" Русе Регионална библиотека "Любен Каравелов" Русе Хранилище 2013-10-20 Хранилище 4.90 120000770716 Цб 265497 120000770716 1 2.51 Дост: Dp Вид: Д N: 37 Дата: 10.09.2012 Книги
Vip Innovations Ltd, Rousse, Bulgaria 2025